[Event "Bad Woerishofen Seniors op 30th"]
[Site "Bad Woerishofen"]
[Date "2014.03.21"]
[Round "1"]
[White "Hager, Eberhard"]
[Black "Neese, Hans Joachim"]
[Result "0-1"]
[WhiteElo "1882"]
[BlackElo "2172"]
[PlyCount "90"]
[EventDate "2014.03.21"]
[EventType "swiss"]
[EventRounds "9"]
[EventCountry "GER"]
[SourceTitle "EXT 2019"]
[Source "ChessBase"]
[SourceDate "2018.10.10"]
[SourceVersion "1"]
[SourceVersionDate "2018.10.10"]
[SourceQuality "1"]

1. e4 c5 2. Nf3 d6 3. d4 cxd4 4. Nxd4 Nf6 5. Nc3 a6 6. Bd3 Nbd7 7. 0-0 e6 8. Kh1 b5 9. a3 Bb7 10. f3 Rc8 11. Be3 Qc7 12. Qe1 Ne5 13. Qf2 Be7 14. Nb3 0-0 15. Rac1 Nfd7 16. Qg3 Bf6 17. Bg5 Nc4 18. Bxf6 Nxf6 19. Bxc4 bxc4 20. Nd2 Nh5 21. Qf2 Nf4 22. Qe3 d5 23. b3 Rfd8 24. exd5 exd5 25. Ne2 Nxe2 26. Qxe2 c3 27. Nb1 d4 28. Rcd1 a5 29. Rc1 Qb6 30. Rfe1 Bd5 31. Qd3 Be6 32. Re5 Rc5 33. Rce1 g6 34. g4 Qc6 35. R5e4 Rcd5 36. a4 Qc5 37. Kg2 Kg7 38. h3 Qd6 39. R1e2 Bc8 40. Re8 Rxe8 41. Rxe8 Be6 42. Ra8 Qf4 43. Na3 Qd2+ 44. Kg3 Re5 45. Rd8 Qe1+ 0-1

[Event "Prague op-B 13th"]
[Site "Prague"]
[Date "2014.??.??"]
[Round "8"]
[White "Hager, Eberhard"]
[Black "Chudinovskikh, Alexander M"]
[Result "1/2-1/2"]
[WhiteElo "1912"]
[BlackElo "1689"]
[PlyCount "59"]
[EventDate "2014.01.10"]
[EventType "swiss"]
[EventRounds "9"]
[EventCountry "CZE"]
[SourceTitle "CBM 158 Extra"]
[Source "ChessBase"]
[SourceDate "2014.02.28"]
[SourceVersion "1"]
[SourceVersionDate "2014.02.28"]
[SourceQuality "1"]

1. e4 d5 2. exd5 Qxd5 3. Nf3 Nf6 4. Nc3 Qa5 5. d4 c6 6. Be2 Bg4 7. 0-0 e6 8. Bd2 Qc7 9. h3 Bh5 10. Nh2 Bxe2 11. Qxe2 Bd6 12. Nf3 Nbd7 13. a3 0-0 14. Rfe1 Rac8 15. Bg5 h6 16. Bd2 Nb6 17. Ne4 Nxe4 18. Qxe4 Nc4 19. Bc1 Qa5 20. b3 Nb6 21. Bd2 Qd5 22. c4 Qxe4 23. Rxe4 Be7 24. a4 c5 25. Rae1 cxd4 26. Rxd4 Rfd8 27. Be3 Bf6 28. Rdd1 Bc3 29. Rxd8+ Rxd8 30. Rb1 1/2-1/2

[Event "Prague op-B 13th"]
[Site "Prague"]
[Date "2014.??.??"]
[Round "7"]
[White "Nova, Michaela"]
[Black "Hager, Eberhard"]
[Result "1/2-1/2"]
[WhiteElo "1611"]
[BlackElo "1912"]
[PlyCount "61"]
[EventDate "2014.01.10"]
[EventType "swiss"]
[EventRounds "9"]
[EventCountry "CZE"]
[SourceTitle "CBM 158 Extra"]
[Source "ChessBase"]
[SourceDate "2014.02.28"]
[SourceVersion "1"]
[SourceVersionDate "2014.02.28"]
[SourceQuality "1"]

1. e4 d6 2. d4 Nf6 3. Nc3 c6 4. h3 e6 5. Nf3 Be7 6. Bf4 0-0 7. Bd3 b5 8. a3 Bb7 9. 0-0 Nbd7 10. d5 e5 11. dxc6 Bxc6 12. Bg5 h6 13. Qd2 Nc5 14. Bxf6 Bxf6 15. Rad1 Qc7 16. b4 Nxd3 17. Qxd3 Rfd8 18. Ne2 d5 19. exd5 Rxd5 20. Qb3 Rad8 21. Rxd5 Bxd5 22. Qe3 Bxf3 23. Qxf3 Qxc2 24. Rc1 Qb2 25. Rc6 Qb1+ 26. Kh2 a6 27. Rxa6 e4 28. Qf5 Qd3 29. Ng3 e3 30. fxe3 Qxe3 31. Qe4 1/2-1/2

[Event "Augsburg op"]
[Site "Augsburg"]
[Date "2013.12.28"]
[Round "4"]
[White "Rudolph, Max"]
[Black "Hager, Eberhard"]
[Result "1/2-1/2"]
[WhiteElo "1599"]
[BlackElo "1912"]
[PlyCount "50"]
[EventDate "2013.12.27"]
[EventType "swiss"]
[EventRounds "7"]
[EventCountry "GER"]
[SourceTitle "CBM 158 Extra"]
[Source "ChessBase"]
[SourceDate "2014.02.28"]
[SourceVersion "1"]
[SourceVersionDate "2014.02.28"]
[SourceQuality "1"]

1. e4 d6 2. f4 c6 3. Nc3 Nf6 4. Nf3 e6 5. Be2 Be7 6. 0-0 0-0 7. d3 b5 8. a3 a5 9. e5 dxe5 10. fxe5 Nd5 11. Ne4 Nd7 12. c4 Qb6+ 13. Kh1 Nc7 14. Qc2 Ne8 15. Bd2 Rb8 16. c5 Bxc5 17. Nxc5 Qxc5 18. Qxc5 Nxc5 19. Rac1 Nb3 20. Rxc6 Nxd2 21. Nxd2 g6 22. Ne4 Kh8 23. Kg1 Bd7 24. Rc5 a4 25. d4 b4 1/2-1/2

[Event "Augsburg op"]
[Site "Augsburg"]
[Date "2013.12.27"]
[Round "2"]
[White "Heinze, Joachim"]
[Black "Hager, Eberhard"]
[Result "1/2-1/2"]
[WhiteElo "1586"]
[BlackElo "1912"]
[PlyCount "95"]
[EventDate "2013.12.27"]
[EventType "swiss"]
[EventRounds "7"]
[EventCountry "GER"]
[SourceTitle "CBM 158 Extra"]
[Source "ChessBase"]
[SourceDate "2014.02.28"]
[SourceVersion "1"]
[SourceVersionDate "2014.02.28"]
[SourceQuality "1"]

1. e4 d6 2. d4 Nf6 3. Bd3 e5 4. dxe5 dxe5 5. Ne2 Be7 6. 0-0 Nc6 7. a3 0-0 8. Nbc3 Be6 9. Bg5 h6 10. Bd2 Nd7 11. Ng3 Nd4 12. Be3 c5 13. Rc1 c4 14. Be2 Nxe2+ 15. Qxe2 Nf6 16. Rcd1 Qa5 17. Bd2 Qb6 18. Bc1 Bg4 19. Qxc4 Bxd1 20. Rxd1 Rfd8 21. Qe2 Rxd1+ 22. Nxd1 Rd8 23. h3 a6 24. Nf5 Bf8 25. b4 Qc6 26. f3 Nh5 27. c4 Nf4 28. Bxf4 exf4 29. Nc3 Qf6 30. Qe1 Rd3 31. Nd5 Qb2 32. Nxf4 Rxa3 33. Qg3 Qf6 34. Nd5 Qg5 35. Qe5 Ra2 36. Nde3 Qf6 37. Qg3 Kh8 38. Qb8 Kg8 39. Nd5 Qg5 40. Nde3 g6 41. h4 Qf6 42. Ng4 Qa1+ 43. Kh2 gxf5 44. Nxh6+ Kh7 45. Qxf8 fxe4 46. Nxf7 exf3 47. Ng5+ Kg6 48. Qe8+ 1/2-1/2

[Event "Bad Woerishofen Seniors op 28th"]
[Site "Bad Woerishofen"]
[Date "2012.03.07"]
[Round "6.35"]
[White "Erdmann, Wolfgang"]
[Black "Hager, Eberhard"]
[Result "1-0"]
[WhiteElo "1544"]
[BlackElo "1628"]
[PlyCount "63"]
[EventDate "2012.03.02"]
[EventType "swiss"]
[EventRounds "9"]
[EventCountry "GER"]
[SourceTitle "EXT 2022"]
[Source "ChessBase"]
[SourceDate "2021.10.06"]
[SourceVersion "1"]
[SourceVersionDate "2021.10.06"]
[SourceQuality "1"]

1. e4 c5 2. Nc3 a6 3. d3 d6 4. Nf3 Nf6 5. Bg5 Nbd7 6. Be2 h6 7. Bd2 e6 8. 0-0 Be7 9. Re1 0-0 10. Bf1 b5 11. e5 dxe5 12. Nxe5 Nxe5 13. Rxe5 Bd6 14. Re1 Bb7 15. g3 Be7 16. Ne4 Rc8 17. Bg2 Qc7 18. Qf3 Nxe4 19. dxe4 Rfd8 20. Rad1 Rd7 21. Bc1 Rcd8 22. Qg4 Kh8 23. Qe2 c4 24. c3 Rd3 25. Rxd3 cxd3 26. Qd2 Qc4 27. b3 Qc5 28. Kf1 b4 29. Bb2 Qb6 30. cxb4 Bxb4 31. Qxh6+ Kg8 32. Qxg7# 1-0